Państwa produkujące najwięcej jabłek - Statystyki

Ogólne statystyki
  • Ten quiz został rozwiązany 94 razy
  • Średni wynik to 14 z 20
Statystyki odpowiedzi
Produkcja jabłek w tonach Państwo % Poprawnych
2 441 393 Polska
100%
1 639 421 Rosja
95%
41 390 000 Chiny
94%
5 173 670 Stany Zjednoczone
93%
1 710 755 Francja
88%
2 265 000 Indie
86%
1 076 180 Ukraina
86%
1 300 943 Brazylia
80%
714 149 Meksyk
80%
994 710 Argentyna
79%
1 921 272 Włochy
77%
3 032 164 Turcja
73%
735 200 Japonia
68%
1 766 210 Chile
67%
924 375 Republika PołudniowejAfryki
63%
798 574 Egipt
62%
2 096 749 Iran
59%
820 547 Maroko
52%
1 028 796 Uzbekistan
19%
782 143 Korea Północna
14%
Nie znaleziono quizów pasujących do podanych kryteriów
Rozkład punktacji
Procent ludzi z każdym wynikiem
Percentyl według liczby udzielonych odpowiedzi
Twoja historia wyników
Nie rozwiązałeś tego quizu